| 000 | 00554nam a2200181Ia 4500 | ||
|---|---|---|---|
| 008 | 190422s9999 xx 000 0 und d | ||
| 100 | _aGalpeerin, Hernan | ||
| 245 | _aLearning from or learning on? The impact of children on internet use by adults / | ||
| 245 | _cHernan Galpeerin and Malena Arcidiacano.-- | ||
| 260 | _bSage | ||
| 260 | _c2019 | ||
| 300 | _apages 483-506, February 2019 | ||
| 440 |
_aNew Media & Society _v21(2) |
||
| 650 | _aChildren | ||
| 650 | _aDigital Inequality | ||
| 650 | _aInternet Adoption | ||
| 650 | _aLatin America | ||
| 999 |
_c361442 _d361442 |
||